Economía del trabajo y los salarios (Registro nro. 3848)
[ vista simple ]
| 000 -LEADER | |
|---|---|
| fixed length control field | 01579 a2200253 4500 |
| 001 - CONTROL NUMBER | |
| control field | 44907 |
| 005 - DATE AND TIME OF LATEST TRANSACTION | |
| control field | 20260407155724.0 |
| 008 - FIXED-LENGTH DATA ELEMENTS--GENERAL INFORMATION | |
| fixed length control field | 260407a1984 arg spa d |
| 003 - CONTROL NUMBER IDENTIFIER | |
| control field | AR-UNSa-BCEJYS |
| 040 ## - CATALOGING SOURCE | |
| Original cataloging agency | AR-UNSa-BCEJYS |
| Language of cataloging | spa |
| Transcribing agency | AR-UNSa-BCEJYS |
| 080 ## - UNIVERSAL DECIMAL CLASSIFICATION NUMBER | |
| Universal Decimal Classification number | 331.101.26 |
| Common auxiliary subdivision | Economía del trabajo |
| 020 ## - INTERNATIONAL STANDARD BOOK NUMBER | |
| International Standard Book Number | 84-206-8085-0 |
| 041 ## - LANGUAGE CODE | |
| Language code of text/sound track or separate title | spa |
| 100 1# - MAIN ENTRY--PERSONAL NAME | |
| Personal name | Rabasco Espáriz, Esther |
| 245 10 - TITLE STATEMENT | |
| Title | Economía del trabajo y los salarios |
| 264 #1 - PRODUCTION, PUBLICATION, DISTRIBUTION, MANUFACTURE, AND COPYRIGHT NOTICE | |
| Place of production, publication, distribution, manufacture | Madrid : |
| Name of producer, publisher, distributor, manufacturer | Alianza Editorial |
| Date of production, publication, distribution, manufacture, or copyright notice | 1984 |
| 300 ## - PHYSICAL DESCRIPTION | |
| Extent | 462 p. |
| Dimensions | 23 cm. |
| 505 ## - FORMATTED CONTENTS NOTE | |
| Formatted contents note | 1. La actividad económica – 2. Las horas de trabajo y la oferta de esfuerzo – 3. La oferta de cualificaciones: La inversión en capital humano – 4. L a demanda de trabajo en los mercados competitivos – 5. La demanda de trabajo: Algunas extensiones – 6. El análisis conjunto de la oferta y la demanda: El proceso de búsqueda – 7. Migración y movilidad – 8. L a estructura del empleo. Las vacantes y el desempleo – 9. Los sindicatos: Crecimiento y objetivos – 10. Los métodos de los sindicatos: El proceso de negociación – 11. Influencia de los sindicatos en los mercados de trabajo – 12. Diferencias compensatorias y beneficios sociales – 13. La discriminación salarial – 14. La distribución de las ganancias y la renta – 15. Los salarios. La inflación y el ciclo económico |
| 590 ## - LOCAL NOTE (RLIN) | |
| Local note | niveau_biblio:m niveau_hierar:0 |
| 700 1# - ADDED ENTRY--PERSONAL NAME | |
| Personal name | Rees, Albert |
| 700 1# - ADDED ENTRY--PERSONAL NAME | |
| Personal name | Hamermesh, Daniel S. |
| 856 41 - ELECTRONIC LOCATION AND ACCESS | |
| Uniform Resource Identifier | <a href="https://www.biblioeco.unsa.edu.ar/pmb/images/libros/L127031.jpg">https://www.biblioeco.unsa.edu.ar/pmb/images/libros/L127031.jpg</a> |
| Link text | Imagen de portada |
| Electronic format type | image/jpeg |
| 942 ## - ADDED ENTRY ELEMENTS (KOHA) | |
| Koha item type | |
| Withdrawn status | Lost status | Damaged status | Not for loan | Home library | Current library | Shelving location | Date acquired | Total checkouts | Full call number | Barcode | Date last seen | Price effective from | Koha item type |
|---|---|---|---|---|---|---|---|---|---|---|---|---|---|
| Biblioteca Prof. Eusebio Cleto del Rey | Biblioteca Prof. Eusebio Cleto del Rey | 07/04/2026 | 331.101.26 H214 | L127031 | 07/04/2026 | 07/04/2026 | Libro |